| 000 | 00584aam a2200205 4500 | ||
|---|---|---|---|
| 005 | 20161118195245.0 | ||
| 008 | 150731b xxu||||| |||| 00| 0 spa d | ||
| 041 | _aspa | ||
| 082 | _a617.692 H565a | ||
| 100 |
_aHerrero Climent, Mariano _932982 |
||
| 245 | _aAtlas de procedimientos clínicos en implantología oral | ||
| 260 |
_aEspaña _bMarban _c1995 |
||
| 300 | _a312 páginas | ||
| 650 |
_aIMPLANTES DENTALES _932983 |
||
| 650 |
_aIMPLANTOLOGÍA ORAL _918272 |
||
| 650 |
_aSOBREDENTADURAS _932984 |
||
| 650 |
_aOCLUSIÓN _9334 |
||
| 650 |
_aPRÓTESIS FIJA _94554 |
||
| 942 | _cBK | ||
| 999 |
_c8632 _d8632 |
||